Birinci uluslararası Kıbrıs sempozyumu (Record no. 687)

MARC details
000 -BAŞLIK
Sabit Uzunlukta Kontrol Alanı 00738na a2200229 4500
001 - KONTROL NUMARASI
Denetim Alanı 18234
003 - KONTROL NUMARASI IDENTIFIER
Denetim Alanı MIRAKIL
005 - SON İŞLEM TARİHİ VE ZAMANI
Denetim Alanı 20181213154757.0
008 - SABİT-BOY VERİ ELEMANLARI - GENEL BİLGİLER
Sabit Uzunlukta Kontrol Alanı 161115b tu 000 0
020 ## - ULUSLARARASI STANDART KİTAP NUMARASI
Uluslararası Standart Kitap Numarası 9789750053788
040 ## - KATALOGLAMA KAYNAK
Orijinal Kataloglama Ajansı Milas
Kataloglama Dili tur
Metne Dönüştürmek Ajansı TR-AnCHP
041 ## - DİL KODU
Metin / Ses Parça Veya Ayrı Başlığın Dil Kodu tur
082 ## - DEWEY ONLU SINIFLANDIRMA NUMARASI
Sınıflandırma Numarası 956.9
Ürün Numarası B56 2009
090 ## - SINIFLAMA NUMARASI
Sınıflama Numarası 956.9 B56 2009
111 ## - ANA GİRİŞ - TOPLANTI ADI
Giriş Elemanı Olarak Toplantı Adı Veya Yargı Alanı Adı Uluslararası Kıbrıs Sempozyumu
Toplantının Yeri Ankara
Toplantı Veya Antlaşma İmzalandığı Tarihi 2008
Bölüm / Bölüm / Toplantı Sayısı I.
245 ## - BAŞLIK TABLOSU
Başlık Birinci uluslararası Kıbrıs sempozyumu
Başlığın Kalan 21-23 Kasım 2008
Sorumluluk Tablosu, Vb yayına hazırlayan Ulvi Keser
260 ## - YAYIN, DAĞITIM, VB
Yayın, Dağıtım, Vb Yeri Ankara
Yayıncı, Dağıtıcı, Vs Adı Kıbrıs Türk Kültür Derneği
Yayın, Dağıtım, Vb Tarihi 2009
300 ## - FİZİKSEL TANIM
Kapsam 606 s.
Diğer Fiziksel Ayrıntıları res., tbl.
Boyutlar 22 sm.
500 ## - GENEL NOT
Genel Not Dış kapakta yapıt adı : Sempozyum bildiri kitabı
650 ## - KONU KATMA GİRİŞ - TOPİKAL DÖNEM
Topikal Süreli Veya Coğrafi Ad Giriş Elemanı Kıbrıs
Kronolojik Alt Bölümü Toplantılar
942 ## - EKLENDİ GİRİŞ ELEMANLARI (KOHA)
Sınıflandırma Veya Raf Düzeni Kaynak Dewey Decimal Classification
Koha Öğesi Türü Books
999 ## - SİSTEM KONTROL NUMARALARI (KOHA)
Koha Biblionumber 687
Koha Biblioitemnumber 687
Holdings
Kalıcı Konum Mevcut Konum Edinme Tarihi Edinim Kaynak Toplam Check-Out'Lar Tam Çağrı Numarası Barkod Tarih Son Görülme İtibaren Geçerli Fiyatlar Koha Öğesi Türü
CHP Kütüphanesi CHP Kütüphanesi 11/15/2016 Bağış   956.9 B56 2009 009460 11/15/2016 11/15/2016 Books